Library Banner

Sapana (Record no. 81199)

MARC details
000 -LEADER
fixed length control field 00366nam a22001457a 4500
005 - DATE AND TIME OF LATEST TRANSACTION
control field 20160106113222.0
008 - FIXED-LENGTH DATA ELEMENTS--GENERAL INFORMATION
fixed length control field 160106b xxu||||| |||| 00| 0 eng d
020 ## - INTERNATIONAL STANDARD BOOK NUMBER
International Standard Book Number 9699060042
040 ## - CATALOGING SOURCE
Transcribing agency PK-LaUMT
082 ## - DEWEY DECIMAL CLASSIFICATION NUMBER
Classification number MMC 382.70954
Item number SAP-
245 ## - TITLE STATEMENT
Title Sapana
Remainder of title south asian studies
Statement of responsibility, etc Imtiaz Alam(Edit
260 ## - PUBLICATION, DISTRIBUTION, ETC. (IMPRINT)
Place of publication, distribution, etc Lahore
Name of publisher, distributor, etc Sapana
Date of publication, distribution, etc 2006
300 ## - PHYSICAL DESCRIPTION
Extent 248 p.
942 ## - ADDED ENTRY ELEMENTS (KOHA)
Koha item type Books
Holdings
Withdrawn status Lost status Damaged status Home library Current library Date acquired Full call number Barcode Date last seen Price effective from Koha item type
      UMT Main Campus UMT Main Campus 2016-01-06 MMC 382.70954 SAP- 95811 2016-01-06 2016-01-06 Books